000 01308nam0a2200301 4500
001 RU\NLR\bibl\334683
005 20240725184927.0
020 _aRU
_b00-16876
_9Летопись авторефератов диссертаций
021 _aRU
_b99-13629а
_999-546А
035 _a(NLR Aleph) 000329620
090 _a148637
_c148637
100 _a20020305d1999 u u0rusy50 ca
101 0 _arus
102 _aRU
105 _aa dm |||||
200 1 _aФормирование и функционирование регионального рынка мясной продукции
_e(На прим. Ставропольского края)
_eАвтореф. дис. на соиск. учен. степ. к.э.н.
_eСпец. 08.00.05
_fГукасова Е.В.
_g[Кисловод. ин-т экономики и права]
210 _aСтаврополь
_d1999
215 _a24 с.
_cил.
_d20
320 _aБиблиогр.: с. 24 (4 назв.)
610 0 _aСельскохозяйственные науки
686 _a08.00.05
_2oksvnk
700 1 _aГукасова
_bЕ. В.
_gЕвгения Владимировна
801 0 _aRU
_bRKP
_c20020305
_gPSBO
801 1 _aRU
_bRKP
_c20020305
801 2 _aRU
_bNLR
_c20030130
_grcr
852 _aNLR
_jА99/13629
942 _cBOOK